Welcome to WEB OPAC of MRSPTU Central Library

Electrical Engineering drawing-II (Record no. 7712)

MARC details
000 -LEADER
fixed length control field 00389nam a2200157Ia 4500
008 - FIXED-LENGTH DATA ELEMENTS--GENERAL INFORMATION
fixed length control field 230711s9999||||xx |||||||||||||| ||und||
041 ## - LANGUAGE CODE
Language code of text/sound track or separate title ENG
082 ## - DEWEY DECIMAL CLASSIFICATION NUMBER
Classification number 621.3
Item number SU-E
100 ## - MAIN ENTRY--PERSONAL NAME
Personal name Surjit,Singh
245 #0 - TITLE STATEMENT
Title Electrical Engineering drawing-II
250 ## - EDITION STATEMENT
Edition statement 2nd Ed.
260 ## - PUBLICATION, DISTRIBUTION, ETC.
Date of publication, distribution, etc. 2010
Place of publication, distribution, etc. New Delhi
Name of publisher, distributor, etc. S.K Kataria & Sons
300 ## - PHYSICAL DESCRIPTION
Extent 274p.
650 ## - SUBJECT ADDED ENTRY--TOPICAL TERM
Topical term or geographic name entry element Electrical Engineering
942 ## - ADDED ENTRY ELEMENTS (KOHA)
Koha item type Book
Holdings
Withdrawn status Lost status Damaged status Not for loan Collection Home library Current library Date acquired Cost, normal purchase price Total checkouts Full call number Barcode Date last seen Price effective from Koha item type
          MRSPTU Central Library MRSPTU Central Library   150.00   621.3 SU-E PW894 08/17/2023 08/17/2023 Book
          MRSPTU Central Library MRSPTU Central Library   150.00   621.3 SU-E PW895 08/17/2023 08/17/2023 Book
          MRSPTU Central Library MRSPTU Central Library   150.00   621.3 SU-E PW896 08/17/2023 08/17/2023 Book
          MRSPTU Central Library MRSPTU Central Library   150.00   621.3 SU-E PW897 08/17/2023 08/17/2023 Book
          MRSPTU Central Library MRSPTU Central Library   150.00   621.3 SU-E PW898 08/17/2023 08/17/2023 Book
          MRSPTU Central Library MRSPTU Central Library   150.00   621.3 SU-E PW899 08/17/2023 08/17/2023 Book
          MRSPTU Central Library MRSPTU Central Library   150.00   621.3 SU-E PW900 08/17/2023 08/17/2023 Book
          MRSPTU Central Library MRSPTU Central Library   150.00   621.3 SU-E PW901 08/17/2023 08/17/2023 Book
          MRSPTU Central Library MRSPTU Central Library   150.00   621.3 SU-E PW902 08/17/2023 08/17/2023 Book
          MRSPTU Central Library MRSPTU Central Library   150.00   621.3 SU-E PW903 08/17/2023 08/17/2023 Book
          MRSPTU Central Library MRSPTU Central Library   150.00   621.3 SU-E PW904 08/17/2023 08/17/2023 Book
          MRSPTU Central Library MRSPTU Central Library   150.00   621.3 SU-E PW905 08/17/2023 08/17/2023 Book
          MRSPTU Central Library MRSPTU Central Library   150.00   621.3 SU-E PW906 08/17/2023 08/17/2023 Book
          MRSPTU Central Library MRSPTU Central Library   150.00   621.3 SU-E PW907 08/17/2023 08/17/2023 Book
          MRSPTU Central Library MRSPTU Central Library   150.00   621.3 SU-E PW908 08/17/2023 08/17/2023 Book

Website Designed and Developed by MRSPTU Central Library Team

E-mail Id: librarian@mrsptu.ac.in